All Aly & AJ Songs - Statistics

General Stats
  • This quiz has been taken 3 times
  • The average score is 38 of 105
Answer Stats
% Correct
With Love From Blue Dress
100%
Insomniatic (Target Special Edition) | Into the Rush (Bonus Track Edition) Chemicals React
100%
A Touch of the Beat Gets You Up on Your Feet Gets You Out and Then Into the Sun Don't Need Nothing
100%
Insomniatic (Target Special Edition) Potential Breakup Song
100%
A Touch of the Beat Gets You Up on Your Feet Gets You Out and Then Into the Sun Pretty Places
100%
Into the Rush (Bonus Track Edition) Rush
100%
A Touch of the Beat Gets You Up on Your Feet Gets You Out and Then Into the Sun Symptom of Your Touch
100%
With Love From With Love From
100%
With Love From 6 Months of Staring Into the Sun
67%
Singles Attack of Panic
67%
With Love From Baby Lay Your Head Down
67%
Insomniatic (Target Special Edition) Bullseye
67%
Insomniatic (Target Special Edition) Closure
67%
A Touch of the Beat Gets You Up on Your Feet Gets You Out and Then Into the Sun Dead on the Beach
67%
Insomniatic (Target Special Edition) Division
67%
Into the Rush (Bonus Track Edition) I Am One of Them
67%
Insomniatic (Target Special Edition) Insomniatic
67%
Singles Joan of Arc on the Dance Floor
67%
Lonesome Dove - EP Lonesome Dove
67%
Into the Rush (Bonus Track Edition) No One
67%
Into the Rush (Bonus Track Edition) On the Ride
67%
Into the Rush (Bonus Track Edition) Out of the Blue
67%
Ten Years - Deluxe EP Promises
67%
Sanctuary - EP Sanctuary
67%
Lonesome Dove - EP Sisters
67%
A Touch of the Beat Gets You Up on Your Feet Gets You Out and Then Into the Sun Slow Dancing
67%
With Love From Sunchoke
67%
With Love From Tear the Night Up
67%
Ten Years - Deluxe EP The Distance
67%
Into the Rush (Bonus Track Edition) Walking on Sunshine
67%
Ten Years - Deluxe EP With You
67%
A Touch of the Beat Gets You Up on Your Feet Gets You Out and Then Into the Sun Break Yourself
33%
Sanctuary - EP Church
33%
Into the Rush (Bonus Track Edition) Collapsed
33%
Into the Rush (Bonus Track Edition) Do You Believe in Magic
33%
Insomniatic (Target Special Edition) Flattery
33%
A Touch of the Beat Gets You Up on Your Feet Gets You Out and Then Into the Sun | Singles Get Over Here
33%
Ten Years - Deluxe EP Good Love
33%
Acoustic Hearts of Winter | Lonesome Dove - EP Greatest Time of Year
33%
A Touch of the Beat Gets You Up on Your Feet Gets You Out and Then Into the Sun Hold Out
33%
Sanctuary Vol. 1 - Unreleased 78violet Album Hothouse
33%
Ten Years - Deluxe EP I Know
33%
Into the Rush (Bonus Track Edition) In a Second
33%
Singles Jingle Bell Rock
33%
Acoustic Hearts of Winter Joy to the World
33%
Insomniatic (Target Special Edition) Like It or Leave It
33%
Insomniatic (Target Special Edition) Like Whoa
33%
A Touch of the Beat Gets You Up on Your Feet Gets You Out and Then Into the Sun Listen!!!!
33%
A Touch of the Beat Gets You Up on Your Feet Gets You Out and Then Into the Sun Lost Cause
33%
With Love From Love You This Way
33%
A Touch of the Beat Gets You Up on Your Feet Gets You Out and Then Into the Sun Lucky to Get Him
33%
Acoustic Hearts of Winter Not This Year
33%
With Love From Open to Something and That Something Is You
33%
A Touch of the Beat Gets You Up on Your Feet Gets You Out and Then Into the Sun Paradise
33%
A Touch of the Beat Gets You Up on Your Feet Gets You Out and Then Into the Sun Personal Cathedrals
33%
Into the Rush (Bonus Track Edition) Protecting Me
33%
Acoustic Hearts of Winter Silent Night
33%
Into the Rush (Bonus Track Edition) Slow Down
33%
Into the Rush (Bonus Track Edition) Something More
33%
Into the Rush (Bonus Track Edition) Speak for Myself
33%
Sanctuary - EP Star Maps
33%
Into the Rush (Bonus Track Edition) Sticks and Stones
33%
A Touch of the Beat Gets You Up on Your Feet Gets You Out and Then Into the Sun Stomach
33%
Ten Years - Deluxe EP Take Me
33%
With Love From Talking in My Sleep
33%
Acoustic Hearts of Winter The First Noel
33%
With Love From Way of Nature Way of Grace
33%
A Touch of the Beat Gets You Up on Your Feet Gets You Out and Then Into the Sun Way Way Back
33%
Singles Zip-a-Dee-Doo-Dah
33%
Sanctuary Vol. 1 - Unreleased 78violet Album 53rd Floor
0%
Sanctuary Vol. 1 - Unreleased 78violet Album 5 Damn Days
0%
Sanctuary Vol. 1 - Unreleased 78violet Album 8 Hours
0%
With Love From After Hours
0%
A Touch of the Beat Gets You Up on Your Feet Gets You Out and Then Into the Sun | Singles Am I Alright
0%
Singles Belong Here
0%
Sanctuary Vol. 1 - Unreleased 78violet Album Blow My House Down
0%
Insomniatic (Target Special Edition) Blush
0%
Sanctuary Vol. 1 - Unreleased 78violet Album Boy
0%
Sanctuary Vol. 1 - Unreleased 78violet Album Crawl
0%
Singles Dance With You
0%
Acoustic Hearts of Winter Deck the Halls
0%
Sanctuary - EP Don't Go Changing
0%
Sanctuary Vol. 1 - Unreleased 78violet Album Fifteen and a Half
0%
Sanctuary Vol. 1 - Unreleased 78violet Album Freak
0%
Acoustic Hearts of Winter God Rest Ye Merry Gentlemen
0%
Sanctuary Vol. 1 - Unreleased 78violet Album Heart
0%
Sanctuary Vol. 1 - Unreleased 78violet Album Hole in the Earth
0%
Insomniatic (Target Special Edition) If I Could Have You Back
0%
Acoustic Hearts of Winter I'll Be Home for Christmas
0%
Insomniatic (Target Special Edition) I'm Here
0%
Singles I Need My Girl
0%
Acoustic Hearts of Winter Let It Snow
0%
Acoustic Hearts of Winter Little Drummer Boy
0%
Sanctuary Vol. 1 - Unreleased 78violet Album Little Notes
0%
Into the Rush (Bonus Track Edition) Never Far Behind
0%
Sanctuary - EP Not Ready to Wake Up
0%
Into the Rush (Bonus Track Edition) Shine
0%
Insomniatic (Target Special Edition) Silence
0%
Insomniatic (Target Special Edition) Tears
0%
Sanctuary Vol. 1 - Unreleased 78violet Album Today
0%
Acoustic Hearts of Winter We Three Kings
0%
No matching quizzes found
Score Distribution
Percent of People with Each Score
Percentile by Number Answered
Your Score History
You have not taken this quiz